00456 2200181 4500001002100000005001500021008004100036020001800077035001900095041000700114082000800121090001400129100001700143245003600160260004000196300001800236650002000254INLIS00000000001524320241224114909241224||||||||| | ||| |||| || |  a978-3970-54-5 0010-1224015243 aid0 a500 a500 WID j0 aSAKTI WIBOWO00aJelajahi Panca Indra Kita, Yuk! aJakartabRakyan Putra Persadac2007 a24hlm;17x25cm 0ailmu ilmu murni